000 00563nam a22001937a 4500
008 151019b xxu||||| |||| 00| 0 eng d
020 _a0697030210
041 0 _aeng
080 _a336.7
100 1 _aPearson, Judy C.
245 1 0 _aGender & communication /
_cJudy Cornelia Pearson, Lynn H. Turner, William Todd-Mancillas.
250 _a2nd ed.
260 _aDubuque, IA :
_bWm. C. Brown,
_c1991.
300 _axvi, 301 f. :
_bme il.;
_c23 cm.
650 0 _aKomunikimi
700 1 _aTurner, Lynn H.
700 1 _aTodd-Mancillas, William R.,
942 _2udc
_cBK
999 _c1312
_d1312